Detalles MARC
| 000 -CABECERA |
| Longitud fija campo de control |
01476nam a2200385 i 4500 |
| 003 - • IDENTIFICADOR DELl NÚMERO DE CONTROL |
| Identificador del número de control |
CO-BoRNBP |
| 005 - • FECHA Y HORA DE LA ÚLTIMA TRANSACCIÓN |
| Fecha y hora de la última transacción |
20251007222428.0 |
| 007 - • CAMPO FIJO DE DESCRIPCIÓN FÍSICA |
| Campo fijo de descripción física |
ta |
| 008 - • CÓDIGOS DE INFORMACIÓN DE LONGITUD FIJA |
| Códigos de información de longitud fija |
920922s1989 sp | | spa d |
| 017 ## - NÚMERO DE COPYRIGHT O DE DEPÓSITO LEGAL |
| Número de copyright o de depósito legal |
M 38539-1989 |
| Agencia que asigna el número |
Oficina Depósito Legal Madrid |
| 020 ## - • NÚMERO INTERNACIONAL NORMALIZADO PARA LIBROS |
| Número Internacional Normalizado para Libros (ISBN) |
8478800042(Edición española) |
| 040 ## - FUENTE DE LA CATALOGACIÓN |
| Centro catalogador de origen |
SpMaBN |
| Lengua de catalogación |
spa |
| Centro transcriptor |
CEN |
| 041 1# - • CÓDIGO DE LENGUA |
| Código de lengua del texto/banda sonora o título independiente |
spa |
| Código de lengua original |
fre |
| 080 ## - NÚMERO DE LA CLASIFICACIÓN DECIMAL UNIVERSAL |
| Número de la Clasificación Decimal Universal |
133.5:54 |
| 080 ## - NÚMERO DE LA CLASIFICACIÓN DECIMAL UNIVERSAL |
| Número de la Clasificación Decimal Universal |
392"04/14" |
| 100 1# - • PUNTO DE ACCESO PRINCIPAL-NOMBRE DE PERSONA |
| Nombre de persona |
Hutin, Serge |
| 245 13 - • TITULO PROPIAMENTE DICHO |
| Título |
La vida cotidiana de los alquimistas en la Edad Media |
| Medio |
[Texto impreso] |
| Mención de responsabilidad, etc. |
Serge Hutin ; [traducción, Elena Goicoechea Larramendi ; revisión de la edición española, José Manuel Calderón y Juan Ignacio Alonso] |
| 250 ## - • MENCIÓN DE EDICIÓN |
| Mención de edición |
[1ª ed., española] |
| 300 ## - • DESCRIPCIÓN FÍSICA |
| Extensión |
235 p. |
| Otras características físicas |
il. |
| Dimensiones |
21 cm |
| 336 ## - TIPO DE CONTENIDO |
| Fuente |
rdacontent |
| Término de tipo de contenido |
texto |
| Código de tipo de contenido |
txt |
| 337 ## - TIPO DE MEDIO |
| Fuente |
rdamedia |
| Nombre del tipo de medio |
sin mediación |
| Código del tipo de medio |
n |
| 338 ## - TIPO DE SOPORTE |
| Fuente |
rdacarrier |
| Nombre del tipo de soporte |
volumen |
| Código del tipo de soporte |
nc |
| 490 1# - • MENCIÓN DE SERIE |
| Mención de serie |
Colección Historia |
| Designación de volumen o secuencia |
5 |
| 500 ## - • NOTA GENERAL |
| Nota general |
Traducción de: La vie quotidienne des alchimistes au Moyen Age |
| 504 ## - • NOTA DE BIBLIOGRAFÍA, ETC |
| Nota de bibliografía, etc. |
Bibliografía : p. 237-239 |
| 650 #7 - • PUNTO DE ACCESO ADICIONAL DE MATERIA - TÉRMINO DE MATERIA |
| Término de materia o nombre geográfico como elemento inicial |
Alquimia |
| Subdivisión de forma |
Historia |
| Fuente del encabezamiento o término |
embne |
| 830 #0 - • PUNTO DE ACCESO ADICIONAL DE SERIE - TÍTULO UNIFORME |
| Título uniforme |
Colección Historia (Ediciones Temas de Hoy) |
| Designación de volumen o secuencia |
5 |
| 942 ## - ENTRADA DE ELEMENTOS AGREGADOS (KOHA) |
| Fuente de clasificaión o esquema |
Dewey Decimal Classification |
| Koha [por defecto] tipo de item |
LIbro |
| 956 ## - LOCALIZACIÓN Y ACCESO ELECTRÓNICO LOCAL (OCLC) |
| Nombre de la fuente |
1 2 |
| 980 ## - EQUIVALENCIA O SECCIÓN-REFERENCIA-INFORME SERIES--NOMBRE / TÍTULO DE PERSONA [LOCAL, CANADA] |
| Nombre personal |
M 38539-1989 |
| -- |
SpMaBN |
| Numeración |
BNMADRID |
| Atributo cualificador |
9/45202 |
| T&íacute;tulos u otras palabras asociadas a nombre |
SG_RECOLET |
| 980 ## - EQUIVALENCIA O SECCIÓN-REFERENCIA-INFORME SERIES--NOMBRE / TÍTULO DE PERSONA [LOCAL, CANADA] |
| Nombre personal |
M 38539-1989 |
| -- |
SpMaBN |
| Numeración |
BNALCALA |
| Atributo cualificador |
AHM/119646 |
| T&íacute;tulos u otras palabras asociadas a nombre |
SG_PETANTI |
| 980 ## - EQUIVALENCIA O SECCIÓN-REFERENCIA-INFORME SERIES--NOMBRE / TÍTULO DE PERSONA [LOCAL, CANADA] |
| Nombre personal |
M 38539-1989 |
| -- |
84-7880-004-2 |
| -- |
SpMaBN |
| Numeración |
BNALCALA |
| Atributo cualificador |
AHM/427476 |
| T&íacute;tulos u otras palabras asociadas a nombre |
SG_PETANTI |
| 980 ## - EQUIVALENCIA O SECCIÓN-REFERENCIA-INFORME SERIES--NOMBRE / TÍTULO DE PERSONA [LOCAL, CANADA] |
| Nombre personal |
SpMaBN |
| Numeración |
BNALCALA |
| Atributo cualificador |
DL/475287 |
| T&íacute;tulos u otras palabras asociadas a nombre |
CONSERVACI |